000 00723nam a2200205Ia 4500
005 20260121110210.0
008 008 260114s9999 xx 000 0 hin d
020 _a9788132365211
037 _aEBOOK
040 _aCRL
_bhin
_cCRL
041 _ahin
_2hin
084 _qCRL
100 _aपारुल कोहली / Parul Kohli
_9943251
245 0 _aहिंदी अनुसंधान क्रियाविधि और सिद्धांत / Hindi Anusandhan Kriyaavidhiyan Aur Siddhant
260 _bभाषा प्रकाशन / Bhasha Prakashan
_c2021
856 _uhttps://bhashaprakashan.com/product-details/379173
942 _cEBOOK
999 _c1534916
_d1534916